Sportifs français par image : N, O, Q - Statistiques

Statistiques générales
  • Ce quiz a été pris 248 fois
  • Le résultat moyen est 9 sur 16
Statistiques - réponses
Par images Hint Réponse % Correct
N- Samir Nasri
87%
N- Earvin Ngapeth
85%
O- Esteban Ocon
85%
N- Christopher Nkunku
81%
O- Michael Olise
78%
N- Romain Ntamack
78%
O- Thierry Omeyer
77%
N- Steven Nzonzi
76%
N- Daniel Narcisse
55%
Q- Fabio Quartararo
54%
O- Sébastien Ogier
53%
N- Clément Noël
32%
N- Louisa Necib
29%
O- Sofiane Oumiha
20%
O- Amélie Oudéa-Castéra
15%
N- Maxime-Gaël Ngayap Hambou
8%
Aucun quiz correspondant
Distribution des résultats
% des personnes avec chaque résultat
Percentile par nombre de réponses
Votre historique - résultats
Vous n’avez pas pris ce quiz